| 000 | 00774nam a22002417a 4500 | ||
|---|---|---|---|
| 003 | LK-CoMWRAF | ||
| 005 | 20240701150433.0 | ||
| 008 | 240701b2003 |||||||| |||| 00| 0 eng d | ||
| 020 | _a9241590394 | ||
| 040 |
_aLK-CoMWRAF _dLK-CoMWRAF _eLK-CoMWRAF |
||
| 041 | _aeng | ||
| 082 |
_a362.1969 _bINT |
||
| 245 |
_aIntegrating gender into HIV/AIDS programmes: _ba review paper |
||
| 260 |
_aGeneva: _bWorld Health Organization, _c2003 |
||
| 300 |
_a52 p. _bBibliography included |
||
| 650 | _aHIV INFECTION-Prevention and control | ||
| 650 | _aSex factors-Women | ||
| 700 | _aRao Gupta, Geeta | ||
| 700 | _aWhelan, Daniel | ||
| 700 | _aAllendorf, Keera | ||
| 856 | _uhttps://iris.who.int/bitstream/handle/10665/42599/9241590394.pdf?sequence=1&isAllowed=y | ||
| 942 | _cBK | ||
| 999 |
_c4957 _d4957 |
||